• 首页
  • 本馆介绍
  • 公告通知
  • 最新文献
  • 馆藏检索
  • 电子资源
  • 读者导购
  • 参考咨询
  • 我的图书馆
  • 登录
  • 详细信息显示
  • 放入我的书架
  • 预约/预借图书
  • 作者相关作品
  • 分类相关作品
  • 丛书相关作品
  • 出版社相关作品

书目信息

  • 表格格式
  • 工作单格式
  • 卡片格式
题名:
食用菌制种工培训教材
    
 
作者: 朱兰宝 编著
分册:  
出版信息: 北京   金盾出版社  2008
页数: 153页
开本: 21cm
丛书名: 新型农民现代技术与技能培训丛书
单 册:
中图分类: S646.038 , S646.03
科图分类:
主题词: 食用菌--制种--技术培训--教材
电子资源:
ISBN: 978-7-5082-4957-5
000 01018nam 2200277 450
001 2360883288
005 20231212165514.26
010    @a978-7-5082-4957-5@d9.00CNY
100    @a20080710d2008 ekmy0chiy50 ea
101 0  @achi
102    @aCN@b110000
105    @aak a 000yy
200 1  @a食用菌制种工培训教材@Ashi yong jun zhi zhong gong pei xun jiao cai@f朱兰宝编著
210    @a北京@c金盾出版社@d2008
215    @a153页@c图@d21cm
225 2  @a新型农民现代技术与技能培训丛书@Axin xing nong min xian dai ji shu yu ji neng pei xun cong shu
300    @a全国职业培训与技能鉴定推荐用书
320    @a有书目 (第153 页)
330    @a本书内容包括: 食用菌制种工的基本职责、食用菌制种的基本知识、食用菌制种的基本技能、不同类别食用菌制种技术、实验室检验技术等。
410  0 @12001 @a新型农民现代技术与技能培训丛书
606 0  @a食用菌@x制种@x技术培训@j教材
690    @aS646.038@v5
690    @aS646.03@v4
701  0 @a朱兰宝@Azhu lan bao@4编著
801  0 @aCN@b湖北三新@c20080709
905    @aBZT@dS646.03@e87
    
    食用菌制种工培训教材/朱兰宝编著.-北京:金盾出版社,2008
    153页:图;21cm.-(新型农民现代技术与技能培训丛书)
    全国职业培训与技能鉴定推荐用书
    
    ISBN 978-7-5082-4957-5:9.00CNY
    本书内容包括: 食用菌制种工的基本职责、食用菌制种的基本知识、食用菌制种的基本技能、不同类别食用菌制种技术、实验室检验技术等。
●
相关链接 在五车中查询图书 在当当中查询图书 在豆瓣中查询图书


正题名:食用菌制种工培训教材     索取号:S646.03/87         预约/预借

序号 登录号 条形码 馆藏地/架位号 状态 备注
1 2001596772   2001596772   辽三/辽宁北配(第三批)/2107/ [索取号:S646.03/87] 在馆    
2 2001596773   2001596773   辽三/辽宁北配(第三批)/2107/ [索取号:S646.03/87] 在馆    
3 2001596774   2001596774   辽三/辽宁北配(第三批)/2107/ [索取号:S646.03/87] 在馆    
4 2001596775   2001596775   辽三/辽宁北配(第三批)/2107/ [索取号:S646.03/87] 在馆    
5 2001596776   2001596776   辽三/辽宁北配(第三批)/2107/ [索取号:S646.03/87] 在馆    
6 2001596777   2001596777   辽三/辽宁北配(第三批)/2107/ [索取号:S646.03/87] 在馆    
7 2001596778   2001596778   辽三/辽宁北配(第三批)/2107/ [索取号:S646.03/87] 在馆    
8 2001596779   2001596779   辽三/辽宁北配(第三批)/2107/ [索取号:S646.03/87] 在馆    
9 2001596780   2001596780   辽三/辽宁北配(第三批)/2107/ [索取号:S646.03/87] 在馆    
10 2001596781   2001596781   辽三/辽宁北配(第三批)/2107/ [索取号:S646.03/87] 在馆    
11 2001596782   2001596782   辽三/辽宁北配(第三批)/2107/ [索取号:S646.03/87] 在馆    
12 2001596783   2001596783   辽三/辽宁北配(第三批)/2107/ [索取号:S646.03/87] 在馆    
13 2001596784   2001596784   辽三/辽宁北配(第三批)/2107/ [索取号:S646.03/87] 在馆    
14 2001596785   2001596785   辽三/辽宁北配(第三批)/2107/ [索取号:S646.03/87] 在馆    
15 2001596786   2001596786   辽三/辽宁北配(第三批)/2107/ [索取号:S646.03/87] 在馆    
16 2001596787   2001596787   辽三/辽宁北配(第三批)/2107/ [索取号:S646.03/87] 在馆    
17 2001596788   2001596788   辽三/辽宁北配(第三批)/2107/ [索取号:S646.03/87] 在馆    
18 2001596789   2001596789   辽三/辽宁北配(第三批)/2107/ [索取号:S646.03/87] 在馆    
19 2001596790   2001596790   辽三/辽宁北配(第三批)/2107/ [索取号:S646.03/87] 在馆    
20 2001596791   2001596791   辽三/辽宁北配(第三批)/2107/ [索取号:S646.03/87] 在馆    
21 2001596792   2001596792   辽三/辽宁北配(第三批)/2107/ [索取号:S646.03/87] 在馆    
22 2001596793   2001596793   辽三/辽宁北配(第三批)/2107/ [索取号:S646.03/87] 在馆    
23 2001596794   2001596794   辽三/辽宁北配(第三批)/2107/ [索取号:S646.03/87] 在馆    
24 2001596795   2001596795   辽三/辽宁北配(第三批)/2107/ [索取号:S646.03/87] 在馆    
25 2001596796   2001596796   辽三/辽宁北配(第三批)/2107/ [索取号:S646.03/87] 在馆    
26 2001596797   2001596797   辽三/辽宁北配(第三批)/2107/ [索取号:S646.03/87] 在馆    
27 2001596798   2001596798   辽三/辽宁北配(第三批)/2107/ [索取号:S646.03/87] 在馆    
28 2001596799   2001596799   辽三/辽宁北配(第三批)/2107/ [索取号:S646.03/87] 在馆    
29 2001596800   2001596800   辽三/辽宁北配(第三批)/2107/ [索取号:S646.03/87] 在馆    
30 2001596801   2001596801   辽三/辽宁北配(第三批)/2107/ [索取号:S646.03/87] 在馆    
山东省滨州职业学院图书馆 欢迎您!
大连网信软件有限公司© 版权所有